000 00816pam a2200253 a 4500
001 1070076
005 20180221044900.0
008 910510s1992 nyua b s001 0 eng
010 _a 91019045
020 _a0791410412 (alk. paper)
020 _a0791410420 (pbk. : alk. paper)
040 _aDLC
_cDLC
_dDLC
041 _aeng
043 _an-us-ca
080 _a375.00820979496 KEN
082 0 0 _a375.00820979496 KEN
_220
100 1 _a47
101 _aEDU
245 1 0 _aGlobal education :
_cBarbara Benham Tye and Kenneth A. Tye.
504 _aIncludes bibliographical references and index.
906 _a7
_bcbc
_corignew
_d1
_eocip
_f19
_gy-gencatlg
942 _2ddc
_cBK
999 _c43021
_d43021